000
00370nam a2200133Ia 4500
008
100328s9999 xx 000 0 und d
082
_b
60237
100
_a
आपटे विद्या.
245
_a
दीर्घकथा.
260
_b
गं्रथाली.
630
_a
दीर्घकथा.
730
_a
दीर्घकथा.
942
_c
BOOK
999
_c
546399
_d
546396